Представление документа в формате RUSMARC

ПолеНазваниеЗначение
  Тип записи l
  Библиографический уровень m
001 Контрольный номер DONNUET/MAIN/5d4670c625144cd9bff35fa42c8d1a9b
005 Дата корректировки 20260417153809.6
101 Язык документа 0_
a Язык текста rus
102 Страна публикации __
a Страна публикации RU
181 Поле кодированных данных: вид содержания _0
a Код вида содержания (ISBD) i
182 Поле кодированных данных: тип средства _0
a Код типа средства (ISBD) b
200 Заглавие и сведения об ответственности 1_
a Заглавие Риск-менеджмент банковских цифровых технологий
e Сведения, относящиеся к заглавию диссертация на соискание ученой степени кандидата экономических наук
e Сведения, относящиеся к заглавию 5.2.4 – Финансы
f Первые сведения об ответственности М.А. Гарагуц
g Последующие сведения об ответственности Министерство науки и высшего образования Российской Федерации, Федеральное государственное автономное образовательное учреждение высшего образования «Севастопольский государственный университет»
203 Вид содержания и тип средства __
a Вид содержания Текст
c Тип средства электронный
210 Выходные данные 1_
a Место издания Севастополь
d Дата издания 2025
215 Физическое описание __
a Объем 277 с.
337 Примечание о системных требованиях (электронные ресурсы) __
a Примечание о системных требованиях (электронные ресурсы) URL: http://46.150.103.143:54041/megapro/Download/ToView/39154
337 Примечание о системных требованиях (электронные ресурсы) __
a Примечание о системных требованиях (электронные ресурсы) Режим доступа: Электронная библиотека ДОННУЭТ
610 Ключевые слова 0_
a Ключевые слова банковские цифровые технологии
610 Ключевые слова 0_
a Ключевые слова риск-менеджмент
610 Ключевые слова 0_
a Ключевые слова диссертации
700 Автор _1
a Фамилия Гарагуц
b Имя М.А.
p Наименование/ адрес организации ДОННУЭТ
4 Код отношения 070
711 Наименование организации. (Альтернативная ответственность) 02
a Организация/ юрисдикция Министерство науки и высшего образования Российской Федерации
711 Наименование организации. (Альтернативная ответственность) 02
a Организация/ юрисдикция Федеральное государственное автономное образовательное учреждение высшего образования «Севастопольский государственный университет»
801 Источник записи _1
a Страна RU
b Организация DONNUET
g Правила каталогизации PSBO
852 Данные о местонахождении __
a Наименование организации Научная библиотека ДОННУЭТ
901 Тип документа __
t Тип документа d
905 Дата создания БЗ __
b Логин сотрудника, создавшего запись Tsvetkova
a Дата создания БЗ 15.04.2026
952 Тип литературы __
a Тип литературы для КСУ ВШ ДЭ
c Вид литературы научные документы